000 00761nam a2200217Ia 4500
003 GCL
008 140319s9999 xx 000 0 ara d
040 _aGCL /
_cGCL
082 0 4 _a154.6
_bا ك
100 1 _aانور حمدى
245 1 0 _aكى تنام سعيدا : علاج وحلول لاضطرابا النوم ومشكلاته /
_cانور حمدى
260 _a[S.N] :
_bالمكتب الاسلامى ،
_c1987
300 _a183 ص
490 _aبحوث فى النوم والاحلام والتنويم المغناطي
_v0
650 0 4 _aعلم النفس
650 0 4 _aعلم النفس الفسيولوجى
650 0 4 _aالنوم
650 0 4 _aالجوانب النفسية
650 0 4 _aالنوم - اضطرابات
942 _2ddc
_cBK
999 _c57503
_d57503